| 000 | 00559cam a2200145 4500500 | ||
|---|---|---|---|
| 005 | 20251228083055.0 | ||
| 041 | _afre | ||
| 042 | _adc | ||
| 100 | 1 | 0 |
_aKapp, Volker _eauthor |
| 245 | 0 | 0 | _aOscar Roth, La Rochefoucauld auf der Suche nach dem selbstbestimmten Geschmack, Heidelberg, Winter, 2010, 416 p., 17 × 25 cm. |
| 260 | _c2013. | ||
| 500 | _a68 | ||
| 786 | 0 | _nDix-septième siècle | 261 | 4 | 2013-10-01 | p. 753e-767e | 0012-4273 | |
| 856 | 4 | 1 | _uhttps://shs.cairn.info/revue-dix-septieme-siecle-2013-4-page-753e?lang=fr&redirect-ssocas=7080 |
| 999 |
_c1600530 _d1600530 |
||